All Margaritaville Restaurant Locations - Statistics

General Stats
  • This quiz has been taken 16 times
  • The average score is 9 of 28
Answer Stats
Region City Title % Correct
Southeast USA Miami, FL Miami Bayside
91%
Southeast USA Orlando, FL Orlando
91%
Southeast USA Atlanta, GA Atlanta
64%
Southeast USA Key West, FL Key West
64%
Southeast USA Myrtle Beach, SC Myrtle Beach
64%
Southeast USA Nashville, TN Nashville
55%
Northeast USA Boston, MA Boston
45%
Midwest USA Chicago, IL Chicago
45%
International Cozumel, MX Cozumel
45%
Northeast USA New York City, NY Times Square
45%
Northeast USA Atlantic City, NJ Atlantic City
36%
Midwest USA Cleveland, OH Cleveland
36%
Southeast USA Biloxi, MS Biloxi
27%
Southeast USA Panama City Beach, FL Panama City Beach
27%
Southwest USA San Antonio, TX San Antonio
27%
Southeast USA Destin, FL Destin
18%
International Paradise Island, BS Bahamas
18%
Southwest USA Tulsa, OK Tulsa
18%
Midwest USA Bloomington, MN Mall of America
9%
British Overseas Territory Grand Turk, UK Grand Turk
9%
Southeast USA Hollywood Beach, FL Hollywood Beach
9%
International Montego Bay, JM Montego Bay
9%
International Ocho Rios, JM Ocho Rios
9%
International Ontario, CA Niagara Falls
9%
Southeast USA Pigeon Forge, TN Pigeon Forge
9%
Northeast USA Syracuse, NY Syracuse
9%
West USA Universal City, CA Hollywood
9%
International Negril, JM Negril
0%
No matching quizzes found
Score Distribution
Percent of People with Each Score
Percentile by Number Answered
Your Score History
You have not taken this quiz